Tratado práctico de las enfermedades infecciosas (Record no. 85570)

MARC details
000 -LEADER
campo de control de longitud fija 00742nam a2200193 i 4500
001 - NÚMERO DE CONTROL
campo de control 85570
003 - IDENTIFICADOR DE NÚMERO DE CONTROL
campo de control ES-MaACL
007 - CAMPO FIJO DE DESCRIPCIÓN FÍSICA--INFORMACIÓN GENERAL
campo de control de longitud fija t|
008 - DATOS DE LONGITUD FIJA--INFORMACIÓN GENERAL
campo de control de longitud fija 041129s1923 sp ||||1| spa d
100 1# - ENTRADA PRINCIPAL--NOMBRE DE PERSONA
Nombre de persona Juergens, Georg.
9 (RLIN) 67196
245 10 - MENCIÓN DEL TÍTULO
Título Tratado práctico de las enfermedades infecciosas
Resto del título : su moderna interpretación /
Mención de responsabilidad, etc. por Georg Jürgens ; traducido directamente del alemán por Antonio Ferratges Tarrida.
260 ## - PUBLICACIÓN, DISTRIBUCIÓN, ETC.
Lugar de publicación, distribución, etc. Barcelona :
Nombre del editor, distribuidor, etc. Labor,
Fecha de publicación, distribución, etc. 1923.
300 ## - DESCRIPCIÓN FÍSICA
Extensión X, 374 p. :
Otras características físicas il. ;
Dimensiones 24 cm.
490 1# - MENCIÓN DE SERIE
Mención de serie Las especialidades en la medicina práctica ;
Designación de volumen o secuencia 2
700 1# - ENTRADA AGREGADA--NOMBRE PERSONAL
Nombre de persona Ferratges Tarrida, Antonio.
9 (RLIN) 50340
830 04 - PUNTO DE ACCESO ADICIONAL DE SERIE-TÍTULO UNIFORME
Título uniforme Las especialidades en la medicina práctica
Designación de volumen o secuencia 2
9 (RLIN) 182799
852 ## - LOCALIZACIÓN
Ubicación ES-MaACL
Número de control de estantería C-6699
Holdings
Estatus retirado Estado de pérdida Estado de daño No para préstamo Biblioteca de origen Biblioteca actual Ubicación en estantería Fecha de adquisición Fuente de adquisición Total de préstamos Signatura topográfica completa Código de barras Visto por última vez Precio de reemplazo Tipo de ítem Koha
        Biblioteca del Ateneo de Madrid Biblioteca del Ateneo de Madrid Sala Palomar 17/01/2008     C-6699 1089416 23/02/2023 23/02/2023 Libro impreso